000 00484nam a22001817a 4500
003 NUST - PNEC
005 20170116180820.0
008 150617b xxu||||| |||| 00| 0 eng d
020 _a-
040 _cLIBRARY
082 _a510 EMB
100 _94052
_aEmbleton, William;
245 _aReed's mathematics for engineers
_cWilliam Embleton
260 _aLondon
_bThomas reed publications limited
_cc1961.
300 _a399 p. :
650 _94054
_aMathemtics
_xME
942 _2ddc
_cBK
999 _c63702
_d63702